Statistics for Top 10 Rated NBA 2K21

Click here to take the quiz!

General Stats

  • This quiz has been taken 364 times
  • The average score is 8 of 10

Answer Stats

RatingAnswer% Correct
98LeBron James
100%
95Stephen Curry
96%
97Giannis Antetokounmpo
93%
95Kevin Durant
92%
96James Harden
84%
96Kawhi Leonard
82%
94Luka Doncic
82%
96Anthony Davis
81%
95Damian Lillard
72%
93Jimmy Butler
52%

Score Distribution

Percentile by Number Answered

Percent of People with Each Score

Your Score History

You have not taken this quiz